00510nam a2200217Ia 4500008004100000020001800041050001400059100002100073245002600094245002000120245002100140260001500161260001600176260000900192300001400201300002700215300001000242440002700252440000600279500000700285170918s9999 xx 000 0 und d a9780439741828 bS217 2006 aSandler, Michael aDribble and dazzle! : bNBA in action / cMichael Sandler. aNew York : bScholastic, c2006 a8 pages : bcolored illustration ; c23cm. aScholastic FX books ;  v4 a30